久保田鉄工八十年の歩み

محفوظ في:
التفاصيل البيبلوغرافية
مؤلف مشترك: 久保田鉄工株式会社
التنسيق: كتاب
اللغة:Undetermined
منشور في: 大阪 久保田鉄工 1970
الموضوعات:
الوسوم: إضافة وسم
لا توجد وسوم, كن أول من يضع وسما على هذه التسجيلة!
Thư viện lưu trữ: Trung tâm Học liệu Trường Đại học Cần Thơ
LEADER 00548nam a2200205Ia 4500
001 CTU_94952
008 210402s9999 xx 000 0 und d
082 |a 338.8 
082 |b K95 
110 |a 久保田鉄工株式会社 
245 0 |a 久保田鉄工八十年の歩み 
245 0 |c 久保田鉄工株式会社 
260 |a 大阪 
260 |b 久保田鉄工 
260 |c 1970 
650 |a Corporations,Corporations 
650 |x Kubota 
650 |z Japan 
904 |i Ngoc 
980 |a Trung tâm Học liệu Trường Đại học Cần Thơ